| 000 | 00929nam a2200277 a 4500 | ||
|---|---|---|---|
| 008 | |||
| 020 | _a9780124159532 (paperback) | ||
| 040 |
_aNUST _cNUST |
||
| 049 | _aMAIN | ||
| 090 |
_aQA76.76.D47 _bBRO |
||
| 100 | 1 |
_aBrown, Diana DeMarco., _aauthor. |
|
| 245 | 1 | 0 |
_aAgile user experience design : _a practitioner's guide to making it work/ _c Diana DeMarco Brown. |
| 260 |
_aWaltham, MA : _bMorgan Kaufmann, _c2013. |
||
| 300 |
_axiii, 176 pages : _billustrations ; _c24 cm. |
||
| 336 |
_atext _btxt _2rdacontent |
||
| 337 |
_aunmediated _bn _2rdamedia |
||
| 338 |
_avolume _bnc _2rdacarrier |
||
| 500 | _aIncludes index. | ||
| 650 | 1 | _aAgile software development. | |
| 650 | _aUser interfaces (Computer systems). | ||
| 650 | _aHuman-computer interaction. | ||
| 907 |
_a.b10406967 _b13-07-21 _c13-07-21 |
||
| 003 | |||
| 005 | 20230123141212.0 | ||
| 942 |
_cBOOKS _kQA76.76.D47 _mBRO |
||
| 999 |
_c169450 _d169450 |
||